| 000 | 00529nam a2200169 i 4500 | ||
|---|---|---|---|
| 001 | 69702 | ||
| 003 | ES-MaACL | ||
| 005 | 20230906170603.0 | ||
| 007 | t| | ||
| 008 | 040709s1958 sp ||||1| spa d | ||
| 100 | 1 |
_aGarcía García, Rafael. _954669 |
|
| 245 | 1 | 0 |
_aAlba sonora / _cRafael García García ; prólogo de Alfredo Castrillón. |
| 260 |
_aLérida : _b[s.n., _c1958] ( _fGráfs. Ilerda) |
||
| 300 |
_a123 p. : _bretr. aut. ; _c18 cm. |
||
| 700 | 1 |
_aCastrillón, Alfredo. _936823 |
|
| 852 |
_aES-MaACL _jC-14736 _bR.42740 |
||
| 999 |
_c69702 _d69702 |
||